Stone Sour Songs Quiz Stats

 Plays Quiz not verified by Sporcle

Challenge
Share
Tweet
Embed
Score 0/30 Timer 04:00
0 Plays Today
Song Title Missing Word % Correct
Through _____Glass
96.8%
Say You'll _____ MeHaunt
95.7%
Do Me A _____Favor
95.7%
Made of _____Scars
90.4%
Absolute _____Zero
89.4%
Hell & _____Consequences
84%
The Bitter _____End
81.9%
Digital (Did You _____)Tell
81.9%
Get _____Inside
77.7%
Mission _____Statement
74.5%
Gone _____Sovereign
70.2%
Your _____God
70.2%
Let's Be _____Honest
70.2%
My Name is _____Allen
64.9%
_____ RdZzyzx
64.9%
Song Title Missing Word % Correct
A _____ of SkinRumor
61.7%
_____ CityRed
60.6%
Influence of a _____ GodDrowsy
60.6%
Black _____John
58.5%
Take a _____Number
57.4%
Last of the _____Real
57.4%
The _____ ValleyUncanny
54.3%
_____ SmokeBlue
53.2%
_____ HandsIdle
52.1%
_____ Person1st
52.1%
Cold _____Reader
51.1%
Blue _____Study
46.8%
The _____ (Part 2)Travelers
45.7%
Inside the _____Cynic
36.2%
Rules of _____Evidence
27.7%

You're not logged in!

Compare scores with friends on all Sporcle quizzes.
Join for Free
OR
Log In

You Might Also Like...

Show Comments

Extras

Created Oct 9, 2013ReportNominate

Top Quizzes Today


Score Distribution

Your Account Isn't Verified!

In order to create a playlist on Sporcle, you need to verify the email address you used during registration. Go to your Sporcle Settings to finish the process.

Report this User

Report this user for behavior that violates our Community Guidelines.

Details: